Type the Lyrics to the Beatles Song (no clues) - #1 - Statistics

General Stats
  • This quiz has been taken 1,738 times
    1,714 since last reset
  • The average score is 36 of 62
Answer Stats
Answer % Correct
I
99%
A
94%
Me
88%
The
88%
An
86%
In
84%
To
84%
It
82%
My
81%
When
81%
And
79%
Be
79%
Of
79%
Let
78%
She
77%
Is
75%
Mary
74%
Mother
74%
Words
74%
Comes
73%
Wisdom
73%
Speaking
71%
Times
70%
Trouble
70%
Find
69%
Myself
69%
There
67%
Will
62%
Darkness
61%
Hour
59%
Front
58%
Right
58%
Answer
57%
Standing
57%
On
56%
That
53%
See
48%
Whisper
48%
Still
47%
They
47%
World
47%
People
45%
Light
44%
Night
43%
Shine
43%
Living
42%
Agree
40%
Tomorrow
39%
Until
37%
Chance
36%
Shines
36%
Brokenhearted
35%
For
34%
May
32%
Up
32%
Cloudy
30%
Sound
30%
Yeah
30%
Music
29%
Though
29%
Wake
29%
Parted
24%
No matching quizzes found
Score Distribution
Percent of People with Each Score
Percentile by Number Answered
Your Score History
You have not taken this quiz since the last reset